Name the Tarot Card by Key Meanings - Statistics

General Stats
  • This quiz has been taken 89 times
  • The average score is 20 of 78
Answer Stats
Key Meaning Tarot Card % Correct
Innocence, risk, beginnings The Fool
71%
Destruction and enlightenment The Tower
67%
Love, relationships and beginnings Ace of Cups
61%
An intuitive woman Queen of Cups
59%
Enslavement and Temptation The Devil
55%
Sorrow, heartbreak and pain Three of Swords
51%
A generous man King of Pentacles
47%
A reliable woman Queen of Pentacles
47%
Transformation and change Death
43%
An ambitious man King of Swords
43%
An honourable man King of Wands
43%
Love and relationships, maturity and decisions The Lovers
43%
Illusion, dreams and crisis The Moon
43%
A charismatic man King of Cups
41%
Rest, passivity and quiet time Four of Swords
39%
An incisive woman Queen of Swords
39%
Victory Six of Wands
39%
Fate, change, intuition The Wheel of Fortune
39%
Prosperity, property and beginnings Ace of Pentacles
35%
Harmony, childhood, reconciliation, old friends Six of Cups
35%
Moderation, reconciliation, healing and angelic guidance Temperance
35%
Secrets, wisdom and the spiritual world The High Priestess
35%
Security, self-improvement and holding onto money Four of Pentacles
33%
Anxiety Nine of Swords
33%
Theft and dishonesty Seven of Swords
33%
Patience, tension and Strength Strength
33%
Generosity, family and financial maturity Ten of Pentacles
33%
Completion, success, reward and joy The World
33%
Balance, perception and objectivity Justice
31%
Speed and action Knight of Wands
31%
Celebration, abundance, family and friendships Three of Cups
31%
Loss, leaving, sorrow Five of Cups
29%
Prosperity, joy, family and contentment Ten of Cups
27%
Control, security, order and ambition The Emperor
27%
Waiting, sacrifice and enlightenment The Hanged Man
27%
Endings Ten of Swords
24%
Work and the potential for success Seven of Pentacles
22%
Responsibilities and a burden Ten of Wands
22%
Determination, victory and a journey The Chariot
22%
Healing and self-exploration The Hermit
22%
Love and partnerships old and new Two of Cups
22%
Restlessness and boredom Four of Cups
20%
Love news Page of Cups
20%
Time to think and stalemate Two of Swords
20%
Success, decisions and beginnings Ace of Swords
18%
Education, unity and spiritual direction The Hierophant
18%
Hope, guidance, inspiration and creativity The Star
18%
Upheaval, conflict and loss Five of Swords
16%
Competition and debates Five of Wands
16%
Comfort, accomplishment and prosperity Nine of Pentacles
16%
Moving on Six of Swords
16%
Abundance, generosity and creativity The Empress
16%
Action, creativity and success The Magician
16%
Enterprise, career, travel and beginnings Ace of Wands
14%
Restriction Eight of Swords
14%
A test of resources Five of Pentacles
14%
Defence and strength Nine of Wands
14%
Talent shines and money news Page of Pentacles
14%
Success, good health and a holiday The Sun
14%
News and travel Eight of Wands
12%
Happiness Nine of Cups
12%
Departure, change and emotional intelligence Eight of Cups
10%
Education and achievement Eight of Pentacles
10%
Property, family, inheritance Six of Pentacles
10%
Enterprise and success Three of Pentacles
10%
Plans, partnerships and influence Two of Wands
10%
Freedom, creativity and domestic happiness Four of Wands
8%
Assessment and letting go of the past Judgement
8%
A proposal Knight of Cups
8%
Improving Prosperity Knight of Pentacles
8%
Opportunities and extremes Seven of Cups
8%
Stress and truth Knight of Swords
6%
Good news and communication Page of Wands
6%
Action and adventure Three of Wands
6%
Intelligence and contracts Page of Swords
4%
Courage, effort and challenges Seven of Wands
4%
Negotiation Two of Pentacles
4%
Creativity and focus Queen of Wands
0%
No matching quizzes found
Score Distribution
Percent of People with Each Score
Percentile by Number Answered
Your Score History
You have not taken this quiz